| 000 | 00541nam a2200193Ia 4500 | ||
|---|---|---|---|
| 008 | 131103s9999 xx 000 0 und d | ||
| 040 | _aLoreto College | ||
| 041 | _aEnglish | ||
| 082 |
_a823.91/JAM _bLCLIB/1001 |
||
| 100 | _aJames, Henry | ||
| 245 | 4 |
_aThe Bostonians _b a novel _cHenry James; edited by Irving Howe |
|
| 260 |
_aNew york _bThe modern lib. _c1956 |
||
| 300 |
_a464p. _c 20cm |
||
| 650 | _aEnglish literature | ||
| 651 | _aEnglish Fiction | ||
| 700 | _aHowe, Irving; ed. | ||
| 850 | _aLCLIB/823.91/JAM | ||
| 942 | _cBK | ||
| 999 |
_c22459 _d72938 |
||